<?xml version="1.0" encoding="UTF-8"?>
<collection xmlns:xsi="http://www.w3.org/2001/XMLSchema-instance" xsi:schemaLocation="http://www.loc.gov/MARC21/slim http://www.loc.gov/standards/marcxml/schema/MARC21slim.xsd" xmlns="http://www.loc.gov/MARC21/slim">
 <record>
  <leader>00000cam a22000004i 4500</leader>
  <controlfield tag="001">UP-99796217611443511</controlfield>
  <controlfield tag="003">Buklod</controlfield>
  <controlfield tag="005">20230504003249.0</controlfield>
  <controlfield tag="006">m     o  j        </controlfield>
  <controlfield tag="007">ta</controlfield>
  <controlfield tag="008">110218s2011    nyua    rb   |001 0|eng d</controlfield>
  <datafield tag="020" ind1=" " ind2=" ">
   <subfield code="a">9780230577077 (paperback)</subfield>
  </datafield>
  <datafield tag="035" ind1=" " ind2=" ">
   <subfield code="a">(iLib)UPD-00235505678</subfield>
  </datafield>
  <datafield tag="040" ind1=" " ind2=" ">
   <subfield code="a">DLC</subfield>
   <subfield code="d">DML</subfield>
   <subfield code="e">rda</subfield>
  </datafield>
  <datafield tag="041" ind1="0" ind2=" ">
   <subfield code="a">eng</subfield>
  </datafield>
  <datafield tag="042" ind1=" " ind2=" ">
   <subfield code="a">DMLUC</subfield>
  </datafield>
  <datafield tag="090" ind1=" " ind2=" ">
   <subfield code="a">JN 30</subfield>
   <subfield code="b">M325 2011</subfield>
  </datafield>
  <datafield tag="100" ind1="1" ind2=" ">
   <subfield code="a">McCormick, John</subfield>
   <subfield code="d">1954-</subfield>
   <subfield code="e">author.</subfield>
  </datafield>
  <datafield tag="245" ind1="1" ind2="0">
   <subfield code="a">European Union politics</subfield>
   <subfield code="c">John McCormick.</subfield>
  </datafield>
  <datafield tag="264" ind1=" " ind2="1">
   <subfield code="a">New York</subfield>
   <subfield code="b">Palgrave Macmillan</subfield>
   <subfield code="c">2011.</subfield>
  </datafield>
  <datafield tag="300" ind1=" " ind2=" ">
   <subfield code="a">xxiii, 468 pages</subfield>
   <subfield code="b">illustrations</subfield>
   <subfield code="c">25 cm</subfield>
  </datafield>
  <datafield tag="336" ind1=" " ind2=" ">
   <subfield code="a">text</subfield>
   <subfield code="2">rdacontent</subfield>
  </datafield>
  <datafield tag="337" ind1=" " ind2=" ">
   <subfield code="a">unmediated</subfield>
   <subfield code="2">rdamedia</subfield>
  </datafield>
  <datafield tag="338" ind1=" " ind2=" ">
   <subfield code="a">volume</subfield>
   <subfield code="2">rdacarrier</subfield>
  </datafield>
  <datafield tag="504" ind1=" " ind2=" ">
   <subfield code="a">Includes bibliographical references and index.</subfield>
  </datafield>
  <datafield tag="505" ind1="8" ind2=" ">
   <subfield code="a">Machine generated contents note: -- Preface -- Introduction -- PART I: HISTORY &amp; IDEAS -- Understanding Integration -- What is the European Union? -- Who are the Europeans? -- Organizing Postwar Europe -- Building a Single Market -- Paving the Way to European Union -- To Lisbon and Beyond -- The Treaties -- The Member States -- PART II: POLITICS &amp; GOVERNANCE -- The European Commission -- The Council -- The European Parliament -- The European Court of Justice -- Specialized Agencies -- Parties and Interest Groups -- Elections and Referendums -- Public Opinion -- PART III: POLICIES -- Public Policy in the EU -- Economic Policy -- Inside the Euro Zone -- Agricultural and Environmental Policy -- Cohesion Policy -- Justice and Home Affairs -- The EU as a Global Actor -- The EU and the World.</subfield>
  </datafield>
  <datafield tag="520" ind1=" " ind2=" ">
   <subfield code="a">&quot;This major new text provides an authoritative introduction to all aspects of politics and policy in the European Union. Written in the author's inimitably accessible style, it brings the European Union to life, giving readers a sense of the color and flavor of European Union politics and its impact on the citizens of Europe. * A major new introductory text specifically designed for students studying the European Union for the first time * Broad and detailed coverage of all aspects of European Union politics and policy and the nature of European integration  * Written in the author's inimitably lively and accessible style - an extremely student-friendly new addition to a generally dry and dusty field  * Readable and relevant, and alive to the human side of the European Union and the impact it has on the lives of Europe's citizens * Packed with a wide range of maps, charts, photos, and boxed features, including profiles of key figures in the theory and practice of European integration and country profiles of member states * Companion website includes updated materials, self test questions and answers, a searchable chronology glossary of terms, weblinks, and further reading and an instructor's site providing additional teaching resources&quot;--Provided by publisher.</subfield>
  </datafield>
  <datafield tag="610" ind1="2" ind2="0">
   <subfield code="a">European Union.</subfield>
  </datafield>
  <datafield tag="651" ind1=" " ind2="0">
   <subfield code="a">European Union countries</subfield>
   <subfield code="x">Politics and government.</subfield>
  </datafield>
  <datafield tag="842" ind1=" " ind2=" ">
   <subfield code="a">Book</subfield>
  </datafield>
  <datafield tag="905" ind1=" " ind2=" ">
   <subfield code="a">FO</subfield>
  </datafield>
  <datafield tag="852" ind1="0" ind2=" ">
   <subfield code="a">UPD</subfield>
   <subfield code="b">DMLS</subfield>
   <subfield code="h">JN 30</subfield>
   <subfield code="i">M325 2011</subfield>
  </datafield>
  <datafield tag="942" ind1=" " ind2=" ">
   <subfield code="a">Book</subfield>
  </datafield>
 </record>
</collection>
